Newcastle all time starting xi - Statistics

General Stats
  • This quiz has been taken 44 times
  • The average score is 3 of 11
Answer Stats
Hint Answer % Correct
FW(England Alan Shearer
95%
FW(Paraguay Miguel Almiron
75%
MF(Peru Nolberto Solano
45%
MF(England Rob Lee
30%
FW(England Jackie Milburn
13%
DF(Scotland Bobby Moncur
10%
DF(Northern Ireland David Craig
3%
GK(Scotland Jimmy Lawrence
3%
MF(Scotland Bobby Mitchell
0%
DF(Scotland Frank Brennan
0%
DF(England Frank Hudspeth
0%
No matching quizzes found
Score Distribution
Percent of People with Each Score
Percentile by Number Answered
Your Score History
You have not taken this quiz